| 000 | 00593nam a2200229Ia 4500 | ||
|---|---|---|---|
| 005 | 20251020182444.0 | ||
| 008 | 200515s9999 xx 000 0 und d | ||
| 082 | _a534.01/P87 | ||
| 110 | _aCentro Chileno de Promoción del Cobre | ||
| 245 | 0 | _aInstalaciones de gas natural y gas en baja presión | |
| 260 | _a[Santiago de Chile] | ||
| 260 | _bPROCOBRE | ||
| 260 | _c[s.a.] | ||
| 300 | _a145 p. | ||
| 300 | _bil., tbl., graf. | ||
| 500 | _a1 ejemplar | ||
| 650 | _aGAS EN BAJA PRESION | ||
| 650 | _aGAS NATURAL | ||
| 650 | _aINSTALACIONES DE GAS | ||
| 942 | _cLIB | ||
| 999 |
_c635 _d635 |
||